Современная математика и ее приложения. т.43 (Запись № 4582567)

Подробности
000 -МАРКЕР
контрольное поле 01552nam2a22002651 4500
001 - ИДЕНТИФИКАТОР ЗАПИСИ
контрольное поле RU\NLR\INFOCOMM55\5000139330
005 - ИДЕНТИФИКАТОР ВЕРСИИ
контрольное поле 20250617022125.0
035 ## - ДРУГИЕ СИСТЕМНЫЕ НОМЕРА
Идентификатор записи (NLR Aleph) 002374537
100 ## - ДАННЫЕ ОБЩЕЙ ОБРАБОТКИ
Данные общей обработки 20041208d1989 |||y0rusy50 ca
101 0# - ЯЗЫК РЕСУРСА
Язык текста, звукозаписи и т.д. русский
102 ## - СТРАНА ПУБЛИКАЦИИ ИЛИ ПРОИЗВОДСТВА
Страна публикации Российская Федерация
105 ## - ПОЛЕ КОДИРОВАННЫХ ДАННЫХ: ТЕКСТОВЫЕ МАТЕРИАЛЫ, МОНОГРАФИЧЕСКИЕ
Кодированные данные о монографическом текстовом документе y ||||000|y
200 0# - ЗАГЛАВИЕ И СВЕДЕНИЯ ОБ ОТВЕТСТВЕННОСТИ
Основное заглавие т.43
210 ## - ПУБЛИКАЦИЯ, РАСПРОСТРАНЕНИЕ И ДР.
Дата издания, распространения и т.д. 1989
Место издания, распространения и т.д. Б. м.
225 0# - СЕРИЯ
Основное заглавие серии Современные проблемы математики
Обозначение тома т.43
Наименование части Теория вероятностей
Обозначение тома 1
461 #0 - УРОВЕНЬ НАБОРА
Встроенное поле 001RU\NLR\INFOCOMM18\1000224200
-- 2001#$aСовременная математика и ее приложения$eТемат. обзоры$fРос. акад. наук. М-во науки и техн. политики Рос. Федерации Всерос. ин-т науч. и техн. информ. (ВИНИТИ)$vт.43
Системный номер (АБИС) связанной записи 4518377
Место публикации М.
Дата публикации 1985-
Первые сведения об ответственности Рос. акад. наук. М-во науки и техн. политики Рос. Федерации Всерос. ин-т науч. и техн. информ. (ВИНИТИ)
Сведения, относящиеся к заглавию Темат. обзоры
Заглавие Современная математика и ее приложения
Номер тома т.43
462 #0 - УРОВЕНЬ ПОДНАБОРА
Встроенное поле 001RU\NLR\INFOCOMM55\5000139317
-- 2001#$aТеория вероятностей$v1
Системный номер (АБИС) связанной записи 4582554
Место публикации М.
Дата публикации 1989-
Имя издателя, распространителя и т.д. ВИНИТИ
Заглавие Современная математика и ее приложения. - Теория вероятностей
Номер тома 1
801 #1 - ИСТОЧНИК ЗАПИСИ
Страна Российская Федерация
Организация InfoComm
Дата составления 20041208
801 #0 - ИСТОЧНИК ЗАПИСИ
Страна Российская Федерация
Организация NLR
Правила каталогизации PSBO
852 ## - МЕСТОНАХОЖДЕНИЕ И ШИФР ХРАНЕНИЯ
Идентификатор организации NLR
Шифр хранения (Call Number) П7/2073
942 ## - ДОПОЛНИТЕЛЬНЫЕ ЭЛЕМЕНТЫ ЗАПИСИ (АБИС)
Тип экземпляра АБИС Выпуск
980 ## - КОЛЛЕКЦИЯ
Название коллекции Национальная библиография
980 ## - КОЛЛЕКЦИЯ
Название коллекции Русская периодика

Нет доступных экземпляров.